| 000 | 01249nam a2200313 a 4500 | ||
|---|---|---|---|
| 001 | 5021 | ||
| 003 | BD-RjUL | ||
| 005 | 20211208234008.0 | ||
| 008 | 150831r19611926nyu b 001 0 eng | ||
| 035 | _a(BD-RjUL) 5057 | ||
| 035 | _a(OCoLC)2377121 | ||
| 040 |
_aDLC _cIDeKN _dOCoLC _dDLC _dBD-RjUL _beng |
||
| 041 | _aeng | ||
| 082 | 0 | 0 |
_a330.942 _bKNI 1961 |
| 100 | 1 |
_aKnowles, L. C. A. _q(Lilian Charlotte Anne), _d1870-1926. _915807 |
|
| 245 | 1 | 4 |
_aThe industrial and commercial revolutions in Great Britain during the nineteenth century / _cby L.C.A. Knowles ... |
| 250 | _a4th (rev.) ed. | ||
| 260 |
_aLondon : _bRoutledge & Kegan Paul Ltd.;., _c1926 [Reprinted 1961]. |
||
| 300 |
_axii, 416 p. ; _c23 cm. |
||
| 490 | 0 |
_aStudies in economics and political science ... _vno. 61 in the series of monographs by writers connected with the London school of economics and political science |
|
| 504 | _aincludes index. | ||
| 650 | 0 |
_aLabor and laboring classes _zGreat Britain. _95940 |
|
| 650 | 0 |
_aMachinery in the workplace. _99311 |
|
| 650 | 0 |
_aIndustrial policy _zGreat Britain. _96524 |
|
| 651 | 0 |
_aGreat Britain _xEconomic conditions. _915808 |
|
| 651 | 0 |
_aGreat Britain _xEconomic policy. _915809 |
|
| 942 |
_2ddc _cBK |
||
| 999 |
_c5021 _d5021 |
||